Derecho penal español: parte especial
Gorde:
| Egile nagusia: | |
|---|---|
| Formatua: | Liburua |
| Hizkuntza: | gaztelania |
| Argitaratua: |
Madrid
Dykinson
2005
|
| Edizioa: | 2a. ed |
| Gaiak: | |
| Etiketak: |
Etiketa erantsi
Etiketarik gabe, Izan zaitez lehena erregistro honi etiketa jartzen!
|
MARC
| LEADER | 00000nam a2200000 a 4500 | ||
|---|---|---|---|
| 001 | UCJ1117 | ||
| 003 | CL-VaPUC | ||
| 008 | 060929e20050000SP |||||||||||||||||spa|d | ||
| 020 | |a 8497727460 | ||
| 082 | 0 | 4 | |a 345.46 |b COB |2 21 |
| 100 | 0 | |a Cobo del Rosal, Manuel |e author |9 501658 | |
| 245 | 1 | 0 | |a Derecho penal español: parte especial |
| 250 | |a 2a. ed | ||
| 300 | |a 1230 p | ||
| 942 | |c BK | ||
| 945 | |d 20060929 00:00:00 |a jtorresc | ||
| 260 | |a Madrid |b Dykinson |c 2005 | ||
| 500 | |a www.dykinson.es | ||
| 650 | 7 | |a DERECHO PENAL |2 CL-VaPUC |9 11 | |
| 650 | 7 | |a DELITOS CONTRA LAS PERSONAS |2 CL-VaPUC |9 256124 | |
| 650 | 0 | |a Delitos contra la propiedad |9 256091 | |
| 650 | 7 | |a DELITOS CONTRA LA LIBERTAD |2 CL-VaPUC |9 368474 | |
| 650 | 0 | |a Seguridad social |9 255322 | |
| 650 | 7 | |a LEGISLACION |2 CL-VaPUC |9 501659 | |
| 651 | 0 | |a España |9 254926 | |
| 583 | |a last modification |c 20060929 00:00:00 |k Rodrigo Vera | ||
| 999 | |c 317830 |d 317828 | ||
| 952 | |0 0 |1 0 |4 0 |6 345_460000000000000_COB_2005 |7 0 |8 A |9 394805 |a BIBDER |b BIBDER |d 2019-11-22 |i 4280830 |o 345.46 COB 2005 |p 4280830 |r 2023-01-25 |w 2019-11-22 |y BK |k DER | ||